000 00743nam a22002177a 4500
001 6104
003 FISKH
005 20250527161638.0
008 250313b cb ||||| |||| 00| 0 eng d
040 _aFISKH
_bKhmer
_cFISKH
_dFISKH
050 _aPZ7
082 _a200
100 _aAnonymous
245 _aប្រជុំរឿងព្រេងខ្មែរ ភាគទី១ /
_cBy Anonymous
260 _aPhnom Penh :
_bគ្រឺះស្ថានបោះពុម្ពនិងចែកផ្សាយ​ ;
_c2003.
300 _a121 pages :
_billustrations ;
_c21 cm .
650 _aប្រជុំរឿងព្រេងខ្មែរ
650 _aCollection of Khmer legends
942 _2ddc
_cBK
_n0
999 _c6104
_d6104